[Event "British Rapidplay Championship 2023"]
[Site "Mercure Bradford, Bankfield Hotel"]
[Date "2023.04.15"]
[Round "1.24"]
[White "Manavalan, Keerthi Kumar"]
[Black "Zhao, George"]
[Result "0-1"]
[TimeControl "All moves in 15 minutes plus 10 second increment per move from move 1"]
[WhiteElo "1419"]
[BlackElo "1959"]

1. e4 {[%clk 00:15:16]} {[%emt 00:00:03]} e6 {[%clk 00:15:17]} {[%emt
00:00:03]} 2. d4 {[%clk 00:15:23]} {[%emt 00:00:04]} d5 {[%clk 00:15:23]}
{[%emt 00:00:04]} 3. exd5 {[%clk 00:15:27]} {[%emt 00:00:03]} exd5 {[%clk
00:15:30]} {[%emt 00:00:06]} 4. Bd3 {[%clk 00:15:18]} {[%emt 00:00:18]} Bd6
{[%clk 00:15:31]} {[%emt 00:00:09]} 5. Nf3 {[%clk 00:15:15]} {[%emt 00:00:14]}
Bg4 {[%clk 00:15:32]} {[%emt 00:00:08]} 6. Be3 {[%clk 00:14:15]} {[%emt
00:01:10]} Nc6 {[%clk 00:15:32]} {[%emt 00:00:11]} 7. Nbd2 {[%clk 00:14:04]}
{[%emt 00:00:20]} Nge7 {[%clk 00:15:28]} {[%emt 00:00:14]} 8. c3 {[%clk
00:13:07]} {[%emt 00:01:07]} f6 {[%clk 00:14:07]} {[%emt 00:01:32]} 9. Qc2
{[%clk 00:12:29]} {[%emt 00:00:48]} Qd7 {[%clk 00:13:38]} {[%emt 00:00:39]} 10.
h3 {[%clk 00:11:56]} {[%emt 00:00:42]} Bf5 {[%clk 00:12:36]} {[%emt 00:01:12]}
11. Bxf5 {[%clk 00:10:08]} {[%emt 00:01:57]} Nxf5 {[%clk 00:12:38]} {[%emt
00:00:09]} 12. O-O-O {[%clk 00:09:19]} {[%emt 00:00:58]} O-O-O {[%clk
00:12:18]} {[%emt 00:00:30]} 13. Rhe1 {[%clk 00:08:20]} {[%emt 00:01:09]} Rde8
{[%clk 00:11:38]} {[%emt 00:00:50]} 14. Nb3 {[%clk 00:07:29]} {[%emt 00:01:01]}
Nxe3 {[%clk 00:07:46]} {[%emt 00:04:03]} 15. fxe3 {[%clk 00:07:10]} {[%emt
00:00:29]} Re7 {[%clk 00:04:55]} {[%emt 00:03:01]} 16. e4 {[%clk 00:06:29]}
{[%emt 00:00:51]} Bf4+ {[%clk 00:04:01]} {[%emt 00:01:05]} 17. Kb1 {[%clk
00:06:29]} {[%emt 00:00:09]} Bg3 {[%clk 00:03:48]} {[%emt 00:00:24]} 18. Re2
{[%clk 00:06:07]} {[%emt 00:00:32]} Rhe8 {[%clk 00:03:30]} {[%emt 00:00:28]} 19.
Nc5 {[%clk 00:05:10]} {[%emt 00:01:07]} Qd6 {[%clk 00:03:30]} {[%emt 00:00:10]}
20. Nd2 {[%clk 00:04:26]} {[%emt 00:00:54]} b6 {[%clk 00:02:31]} {[%emt
00:01:09]} 21. Na6 {[%clk 00:03:23]} {[%emt 00:01:13]} Bf4 {[%clk 00:01:28]}
{[%emt 00:01:13]} 22. Nb4 {[%clk 00:01:46]} {[%emt 00:01:47]} Nxb4 {[%clk
00:01:10]} {[%emt 00:00:28]} 23. cxb4 {[%clk 00:01:54]} {[%emt 00:00:01]} Qxb4
{[%clk 00:01:18]} {[%emt 00:00:03]} 24. e5 {[%clk 00:01:20]} {[%emt 00:00:44]}
fxe5 {[%clk 00:00:45]} {[%emt 00:00:43]} 25. Qf5+ {[%clk 00:01:23]} {[%emt
00:00:07]} Kb8 {[%clk 00:00:50]} {[%emt 00:00:05]} 26. Nb3 {[%clk 00:01:14]}
{[%emt 00:00:18]} g6 {[%clk 00:00:39]} {[%emt 00:00:21]} 27. Qd3 {[%clk
00:00:53]} {[%emt 00:00:29]} e4 {[%clk 00:00:46]} {[%emt 00:00:05]} 28. Qc2
{[%clk 00:00:54]} {[%emt 00:00:07]} Qd6 {[%clk 00:00:47]} {[%emt 00:00:10]} 29.
Rg1 {[%clk 00:00:51]} {[%emt 00:00:12]} e3 {[%clk 00:00:44]} {[%emt 00:00:14]}
30. g3 {[%clk 00:00:57]} {[%emt 00:00:05]} Bxg3 {[%clk 00:00:48]} {[%emt
00:00:06]} 31. Qc3 {[%clk 00:00:39]} {[%emt 00:00:27]} Bf2 {[%clk 00:00:54]}
{[%emt 00:00:05]} 32. Rc1 {[%clk 00:00:46]} {[%emt 00:00:02]} Qe6 {[%clk
00:00:58]} {[%emt 00:00:06]} 33. a3 {[%clk 00:00:49]} {[%emt 00:00:06]} Qxh3
{[%clk 00:00:59]} {[%emt 00:00:09]} 34. Qc6 {[%clk 00:00:56]} {[%emt 00:00:04]}
Qf5+ {[%clk 00:01:07]} {[%emt 00:00:02]} 35. Ka2 {[%clk 00:01:02]} {[%emt
00:00:04]} Qe6 {[%clk 00:01:13]} {[%emt 00:00:03]} 36. Qb5 {[%clk 00:01:04]}
{[%emt 00:00:08]} Qd7 {[%clk 00:01:14]} {[%emt 00:00:10]} 37. Qa6 {[%clk
00:00:54]} {[%emt 00:00:20]} Qc8 {[%clk 00:01:19]} {[%emt 00:00:05]} 38. Qb5
{[%clk 00:00:54]} {[%emt 00:00:09]} Qb7 {[%clk 00:01:27]} {[%emt 00:00:02]} 39.
Rc6 {[%clk 00:00:24]} {[%emt 00:00:40]} a6 {[%clk 00:00:43]} {[%emt 00:00:56]}
40. Qa4 {[%clk 00:00:20]} {[%emt 00:00:14]} Re6 {[%clk 00:00:28]} {[%emt
00:00:24]} 41. Rcc2 {[%clk 00:00:26]} {[%emt 00:00:04]} Rf8 {[%clk 00:00:35]}
{[%emt 00:00:03]} 42. Qd7 {[%clk 00:00:27]} {[%emt 00:00:08]} Rd6 {[%clk
00:00:33]} {[%emt 00:00:13]} 43. Qxh7 {[%clk 00:00:32]} {[%emt 00:00:04]} Rfd8
{[%clk 00:00:38]} {[%emt 00:00:05]} 44. Nc1 {[%clk 00:00:26]} {[%emt 00:00:17]}
a5 {[%clk 00:00:43]} {[%emt 00:00:05]} 45. Nd3 {[%clk 00:00:30]} {[%emt
00:00:05]} c6 {[%clk 00:00:37]} {[%emt 00:00:17]} 46. Qh2 {[%clk 00:00:19]}
{[%emt 00:00:21]} Qc7 {[%clk 00:00:39]} {[%emt 00:00:08]} 47. Nxf2 {[%clk
00:00:15]} {[%emt 00:00:14]} exf2 {[%clk 00:00:44]} {[%emt 00:00:05]} 48. Qxf2
{[%clk 00:00:22]} {[%emt 00:00:01]} g5 {[%clk 00:00:44]} {[%emt 00:00:11]} 49.
Qg2 {[%clk 00:00:27]} {[%emt 00:00:05]} Rg6 {[%clk 00:00:51]} {[%emt 00:00:03]}
50. Re5 {[%clk 00:00:35]} {[%emt 00:00:02]} g4 {[%clk 00:00:56]} {[%emt
00:00:06]} 51. Rce2 {[%clk 00:00:40]} {[%emt 00:00:04]} Rg7 {[%clk 00:01:00]}
{[%emt 00:00:07]} 52. Re6 {[%clk 00:00:41]} {[%emt 00:00:08]} Kb7 {[%clk
00:01:04]} {[%emt 00:00:07]} 53. Rc2 {[%clk 00:00:43]} {[%emt 00:00:07]} Rd6
{[%clk 00:01:10]} {[%emt 00:00:05]} 54. Ree2 {[%clk 00:00:31]} {[%emt
00:00:22]} Rf6 {[%clk 00:01:14]} {[%emt 00:00:06]} 55. Re5 {[%clk 00:00:32]}
{[%emt 00:00:08]} Qd7 {[%clk 00:01:07]} {[%emt 00:00:18]} 56. Rce2 {[%clk
00:00:39]} {[%emt 00:00:02]} Qd6 {[%clk 00:01:07]} {[%emt 00:00:10]} 57. Qg3
{[%clk 00:00:27]} {[%emt 00:00:20]} Ka6 {[%clk 00:00:45]} {[%emt 00:00:34]} 58.
Qd3+ {[%clk 00:00:20]} {[%emt 00:00:17]} b5 {[%clk 00:00:51]} {[%emt 00:00:05]}
59. a4 {[%clk 00:00:26]} {[%emt 00:00:04]} Qb4 {[%clk 00:00:53]} {[%emt
00:00:08]} 0-1

[Event "British Rapidplay Championship 2023"]
[Site "Mercure Bradford, Bankfield Hotel"]
[Date "2023.04.15"]
[Round "1.25"]
[White "Nicholson, Jim WR"]
[Black "Waite, Nicholas"]
[Result "1-0"]
[TimeControl "All moves in 15 minutes plus 10 second increment per move from move 1"]
[WhiteElo "1958"]
[BlackElo "1419"]

1. d4 {[%clk 00:15:17]} {[%emt 00:00:03]} c6 {[%clk 00:15:13]} {[%emt
00:00:08]} 2. Nf3 {[%clk 00:15:23]} {[%emt 00:00:04]} d5 {[%clk 00:15:14]}
{[%emt 00:00:09]} 3. Bg5 {[%clk 00:15:19]} {[%emt 00:00:12]} h6 {[%clk
00:14:32]} {[%emt 00:00:53]} 4. Bh4 {[%clk 00:15:28]} {[%emt 00:00:02]} Nf6
{[%clk 00:14:30]} {[%emt 00:00:12]} 5. Nbd2 {[%clk 00:15:31]} {[%emt 00:00:06]}
Qb6 {[%clk 00:14:02]} {[%emt 00:00:39]} 6. e3 {[%clk 00:14:15]} {[%emt
00:01:26]} Bg4 {[%clk 00:14:04]} {[%emt 00:00:07]} 7. Rb1 {[%clk 00:13:51]}
{[%emt 00:00:34]} Ne4 {[%clk 00:13:56]} {[%emt 00:00:18]} 8. Be2 {[%clk
00:13:36]} {[%emt 00:00:24]} Nd7 {[%clk 00:12:25]} {[%emt 00:01:42]} 9. O-O
{[%clk 00:13:31]} {[%emt 00:00:15]} e6 {[%clk 00:11:06]} {[%emt 00:01:30]} 10.
c4 {[%clk 00:13:19]} {[%emt 00:00:20]} Bd6 {[%clk 00:10:40]} {[%emt 00:00:37]}
11. c5 {[%clk 00:13:12]} {[%emt 00:00:17]} Bxh2+ {[%clk 00:10:44]} {[%emt
00:00:06]} 12. Nxh2 {[%clk 00:13:09]} {[%emt 00:00:13]} Bxe2 {[%clk 00:10:43]}
{[%emt 00:00:11]} 13. Qxe2 {[%clk 00:13:10]} {[%emt 00:00:08]} Qc7 {[%clk
00:10:48]} {[%emt 00:00:07]} 14. Nxe4 {[%clk 00:13:08]} {[%emt 00:00:11]} dxe4
{[%clk 00:10:56]} {[%emt 00:00:02]} 15. Bg3 {[%clk 00:13:10]} {[%emt 00:00:08]}
Qd8 {[%clk 00:10:58]} {[%emt 00:00:09]} 16. Ng4 {[%clk 00:12:48]} {[%emt
00:00:30]} h5 {[%clk 00:10:50]} {[%emt 00:00:19]} 17. Ne5 {[%clk 00:12:47]}
{[%emt 00:00:11]} Nf6 {[%clk 00:10:48]} {[%emt 00:00:13]} 18. Bh4 {[%clk
00:12:42]} {[%emt 00:00:13]} Qe7 {[%clk 00:10:39]} {[%emt 00:00:21]} 19. b4
{[%clk 00:12:39]} {[%emt 00:00:13]} a6 {[%clk 00:10:08]} {[%emt 00:00:41]} 20.
a4 {[%clk 00:12:44]} {[%emt 00:00:04]} Qc7 {[%clk 00:09:49]} {[%emt 00:00:30]}
21. b5 {[%clk 00:12:37]} {[%emt 00:00:17]} Ng4 {[%clk 00:09:43]} {[%emt
00:00:15]} 22. Nxg4 {[%clk 00:12:21]} {[%emt 00:00:26]} hxg4 {[%clk 00:09:51]}
{[%emt 00:00:03]} 23. Qxg4 {[%clk 00:12:16]} {[%emt 00:00:14]} Kf8 {[%clk
00:08:41]} {[%emt 00:01:20]} 24. bxc6 {[%clk 00:11:45]} {[%emt 00:00:42]} bxc6
{[%clk 00:08:10]} {[%emt 00:00:41]} 25. Rb6 {[%clk 00:11:34]} {[%emt 00:00:19]}
g5 {[%clk 00:06:06]} {[%emt 00:02:16]} 26. Bg3 {[%clk 00:11:35]} {[%emt
00:00:09]} Qe7 {[%clk 00:06:00]} {[%emt 00:00:15]} 27. Qxe4 {[%clk 00:11:09]}
{[%emt 00:00:36]} Kg7 {[%clk 00:05:02]} {[%emt 00:01:08]} 28. f4 {[%clk
00:10:54]} {[%emt 00:00:25]} g4 {[%emt 00:00:32]} 29. f5 {[%emt 00:00:20]} Raf8
{[%clk 00:03:56]} {[%emt 00:00:24]} 30. f6+ {[%clk 00:10:56]} {[%emt 00:00:08]}
1-0

[Event "British Rapidplay Championship 2023"]
[Site "Mercure Bradford, Bankfield Hotel"]
[Date "2023.04.15"]
[Round "1.26"]
[White "Gorrell, Elinor"]
[Black "Bramson, Mike"]
[Result "0-1"]
[TimeControl "All moves in 15 minutes plus 10 second increment per move from move 1"]
[WhiteElo "1348"]
[BlackElo "1950"]

1. d4 {[%clk 00:15:18]} {[%emt 00:00:02]} Nf6 {[%clk 00:15:16]} {[%emt
00:00:04]} 2. c4 {[%clk 00:15:25]} {[%emt 00:00:04]} e6 {[%clk 00:15:22]}
{[%emt 00:00:03]} 3. Bg5 {[%clk 00:15:28]} {[%emt 00:00:08]} Be7 {[%clk
00:15:26]} {[%emt 00:00:06]} 4. e3 {[%clk 00:15:31]} {[%emt 00:00:06]} d5
{[%clk 00:15:31]} {[%emt 00:00:05]} 5. Nc3 {[%clk 00:15:32]} {[%emt 00:00:09]}
O-O {[%clk 00:15:32]} {[%emt 00:00:09]} 6. Nf3 {[%clk 00:15:37]} {[%emt
00:00:06]} Nbd7 {[%clk 00:15:30]} {[%emt 00:00:12]} 7. cxd5 {[%clk 00:15:28]}
{[%emt 00:00:18]} exd5 {[%clk 00:15:32]} {[%emt 00:00:09]} 8. Bd3 {[%clk
00:15:13]} {[%emt 00:00:25]} c6 {[%clk 00:15:23]} {[%emt 00:00:19]} 9. O-O
{[%clk 00:15:04]} {[%emt 00:00:18]} Ne4 {[%clk 00:14:54]} {[%emt 00:00:40]} 10.
Bxe7 {[%clk 00:14:37]} {[%emt 00:00:37]} Qxe7 {[%clk 00:15:01]} {[%emt
00:00:03]} 11. Qc2 {[%clk 00:14:08]} {[%emt 00:00:38]} Ndf6 {[%clk 00:14:57]}
{[%emt 00:00:14]} 12. Nd2 {[%clk 00:13:27]} {[%emt 00:00:52]} Re8 {[%clk
00:14:33]} {[%emt 00:00:35]} 13. Rfe1 {[%clk 00:12:29]} {[%emt 00:01:07]} h6
{[%clk 00:11:12]} {[%emt 00:03:30]} 14. f3 {[%clk 00:11:36]} {[%emt 00:01:04]}
Nxd2 {[%clk 00:11:10]} {[%emt 00:00:12]} 15. Qxd2 {[%clk 00:11:37]} {[%emt
00:00:09]} Bd7 {[%clk 00:10:38]} {[%emt 00:00:41]} 16. e4 {[%clk 00:10:10]}
{[%emt 00:01:38]} dxe4 {[%clk 00:10:39]} {[%emt 00:00:09]} 17. fxe4 {[%clk
00:10:14]} {[%emt 00:00:06]} Rad8 {[%clk 00:10:36]} {[%emt 00:00:12]} 18. e5
{[%clk 00:08:18]} {[%emt 00:02:07]} Nh7 {[%clk 00:10:36]} {[%emt 00:00:10]} 19.
Rf1 {[%clk 00:07:58]} {[%emt 00:00:30]} Be6 {[%clk 00:10:40]} {[%emt 00:00:06]}
20. Qe3 {[%clk 00:07:14]} {[%emt 00:00:55]} Qg5 {[%clk 00:09:07]} {[%emt
00:01:43]} 21. Qf2 {[%clk 00:05:39]} {[%emt 00:01:46]} Rd7 {[%clk 00:08:46]}
{[%emt 00:00:30]} 22. a3 {[%clk 00:05:31]} {[%emt 00:00:19]} Red8 {[%clk
00:08:50]} {[%emt 00:00:05]} 23. Rad1 {[%clk 00:05:18]} {[%emt 00:00:23]} Qe7
{[%clk 00:06:29]} {[%emt 00:02:31]} 24. Ne2 {[%clk 00:04:11]} {[%emt 00:01:18]}
c5 {[%clk 00:05:36]} {[%emt 00:01:03]} 25. Bxh7+ {[%clk 00:01:52]} {[%emt
00:02:28]} Kxh7 {[%clk 00:05:44]} {[%emt 00:00:02]} 26. h3 {[%clk 00:01:50]}
{[%emt 00:00:12]} Bc4 {[%clk 00:05:28]} {[%emt 00:00:26]} 27. Rfe1 {[%clk
00:01:11]} {[%emt 00:00:50]} Bxe2 {[%clk 00:05:20]} {[%emt 00:00:18]} 28. Qxe2
{[%clk 00:01:19]} {[%emt 00:00:02]} cxd4 {[%clk 00:05:20]} {[%emt 00:00:10]} 29.
Rd2 {[%clk 00:01:06]} {[%emt 00:00:24]} Rd5 {[%clk 00:04:51]} {[%emt 00:00:39]}
30. Qe4+ {[%clk 00:00:40]} {[%emt 00:00:35]} g6 {[%clk 00:04:57]} {[%emt
00:00:03]} 31. Red1 {[%clk 00:00:49]} {[%emt 00:00:02]} Rxe5 {[%clk 00:04:55]}
{[%emt 00:00:12]} 32. Qf4 {[%clk 00:00:45]} {[%emt 00:00:15]} Re4 {[%clk
00:04:35]} {[%emt 00:00:30]} 33. Qf2 {[%clk 00:00:42]} {[%emt 00:00:12]} b6
{[%clk 00:03:27]} {[%emt 00:01:19]} 34. Rxd4 {[%clk 00:00:33]} {[%emt
00:00:19]} Rdxd4 {[%clk 00:03:19]} {[%emt 00:00:19]} 35. Rxd4 {[%clk 00:00:40]}
{[%emt 00:00:02]} Re1+ {[%clk 00:03:23]} {[%emt 00:00:06]} 36. Kh2 {[%clk
00:00:40]} {[%emt 00:00:10]} Qe5+ {[%clk 00:03:31]} {[%emt 00:00:02]} 37. Rf4
{[%clk 00:00:45]} {[%emt 00:00:05]} g5 {[%clk 00:03:29]} {[%emt 00:00:12]} 38.
Qc2+ {[%clk 00:00:16]} {[%emt 00:00:39]} Kg7 {[%clk 00:03:31]} {[%emt
00:00:08]} 39. Qf2 {[%clk 00:00:25]} {[%emt 00:00:02]} Qxf4+ {[%clk 00:03:34]}
{[%emt 00:00:07]} 40. Qxf4 {[%clk 00:00:33]} {[%emt 00:00:02]} gxf4 {[%clk
00:03:42]} {[%emt 00:00:02]} 41. b4 {[%clk 00:00:28]} {[%emt 00:00:15]} Kf6
{[%clk 00:03:49]} {[%emt 00:00:03]} 42. g3 {[%clk 00:00:33]} {[%emt 00:00:05]}
Kf5 {[%clk 00:03:57]} {[%emt 00:00:02]} 43. gxf4 {[%clk 00:00:41]} {[%emt
00:00:02]} Kxf4 {[%clk 00:04:05]} {[%emt 00:00:02]} 44. Kg2 {[%clk 00:00:48]}
{[%emt 00:00:03]} Re2+ {[%clk 00:04:12]} {[%emt 00:00:03]} 45. Kf1 {[%clk
00:00:54]} {[%emt 00:00:03]} Ra2 {[%clk 00:04:21]} {[%emt 00:00:02]} 0-1

[Event "British Rapidplay Championship 2023"]
[Site "Mercure Bradford, Bankfield Hotel"]
[Date "2023.04.15"]
[Round "1.27"]
[White "Lau, Luke"]
[Black "Jones, Simon"]
[Result "1-0"]
[TimeControl "All moves in 15 minutes plus 10 second increment per move from move 1"]
[WhiteElo "1917"]
[BlackElo "1336"]

1. e4 {[%clk 00:15:14]} {[%emt 00:00:05]} c6 {[%clk 00:15:17]} {[%emt
00:00:03]} 2. d3 {[%clk 00:15:04]} {[%emt 00:00:20]} d5 {[%clk 00:15:16]}
{[%emt 00:00:12]} 3. Nd2 {[%clk 00:15:12]} {[%emt 00:00:02]} Nf6 {[%clk
00:14:28]} {[%emt 00:00:58]} 4. Ngf3 {[%clk 00:15:13]} {[%emt 00:00:07]} Bg4
{[%clk 00:14:27]} {[%emt 00:00:13]} 5. h3 {[%clk 00:12:04]} {[%emt 00:03:18]}
dxe4 {[%clk 00:13:41]} {[%emt 00:00:56]} 6. dxe4 {[%clk 00:11:30]} {[%emt
00:00:44]} Bh5 {[%clk 00:13:11]} {[%emt 00:00:41]} 7. c3 {[%clk 00:10:41]}
{[%emt 00:00:59]} e6 {[%clk 00:12:58]} {[%emt 00:00:23]} 8. Qc2 {[%clk
00:09:40]} {[%emt 00:01:10]} Be7 {[%clk 00:11:50]} {[%emt 00:01:18]} 9. Nc4
{[%clk 00:09:12]} {[%emt 00:00:38]} Nbd7 {[%clk 00:10:47]} {[%emt 00:01:13]} 10.
Bf4 {[%clk 00:09:07]} {[%emt 00:00:14]} Bg6 {[%clk 00:09:01]} {[%emt 00:01:56]}
11. Nfd2 {[%clk 00:08:26]} {[%emt 00:00:51]} Nc5 {[%clk 00:08:39]} {[%emt
00:00:33]} 12. f3 {[%clk 00:08:25]} {[%emt 00:00:11]} O-O {[%clk 00:07:15]}
{[%emt 00:01:34]} 13. O-O-O {[%clk 00:08:12]} {[%emt 00:00:23]} b5 {[%clk
00:04:51]} {[%emt 00:02:33]} 14. Ne5 {[%clk 00:08:11]} {[%emt 00:00:11]} Qb6
{[%clk 00:04:22]} {[%emt 00:00:40]} 15. h4 {[%clk 00:05:36]} {[%emt 00:02:45]}
b4 {[%clk 00:03:41]} {[%emt 00:00:51]} 16. Ndc4 {[%clk 00:04:10]} {[%emt
00:01:35]} b3 {[%clk 00:03:16]} {[%emt 00:00:35]} 17. axb3 {[%clk 00:03:54]}
{[%emt 00:00:26]} Nxb3+ {[%clk 00:03:06]} {[%emt 00:00:20]} 18. Kb1 {[%clk
00:04:02]} {[%emt 00:00:02]} Qb7 {[%clk 00:02:34]} {[%emt 00:00:42]} 19. Nxg6
{[%clk 00:02:13]} {[%emt 00:01:59]} hxg6 {[%clk 00:02:32]} {[%emt 00:00:12]} 20.
Bd6 {[%clk 00:02:19]} {[%emt 00:00:05]} a5 {[%clk 00:02:03]} {[%emt 00:00:39]}
21. Bxe7 {[%clk 00:02:17]} {[%emt 00:00:12]} Qxe7 {[%clk 00:01:31]} {[%emt
00:00:42]} 22. Qxb3 {[%clk 00:02:21]} {[%emt 00:00:06]} a4 {[%clk 00:01:10]}
{[%emt 00:00:31]} 23. Qa3 {[%clk 00:02:26]} {[%emt 00:00:04]} Qxa3 {[%clk
00:00:39]} {[%emt 00:00:42]} 24. Nxa3 {[%clk 00:02:33]} {[%emt 00:00:03]} Rfb8
{[%clk 00:00:35]} {[%emt 00:00:14]} 25. g4 {[%clk 00:02:36]} {[%emt 00:00:07]}
Rb3 {[%clk 00:00:36]} {[%emt 00:00:09]} 26. Bc4 {[%clk 00:02:42]} {[%emt
00:00:04]} 1-0

[Event "British Rapidplay Championship 2023"]
[Site "Mercure Bradford, Bankfield Hotel"]
[Date "2023.04.15"]
[Round "1.28"]
[White "Wainwright, Charlie"]
[Black "Mata, Andrew B"]
[Result "1/2-1/2"]
[TimeControl "All moves in 15 minutes plus 10 second increment per move from move 1"]
[WhiteElo "1329"]
[BlackElo "1912"]

1. d4 {[%clk 00:15:16]} {[%emt 00:00:03]} Nf6 {[%clk 00:15:18]} {[%emt
00:00:03]} 2. c4 {[%clk 00:15:02]} {[%emt 00:00:25]} e6 {[%clk 00:15:25]}
{[%emt 00:00:02]} 3. Nc3 {[%clk 00:15:03]} {[%emt 00:00:09]} Bb4 {[%clk
00:15:32]} {[%emt 00:00:03]} 4. Nf3 {[%clk 00:14:44]} {[%emt 00:00:29]} O-O
{[%clk 00:15:37]} {[%emt 00:00:04]} 5. Bf4 {[%clk 00:14:25]} {[%emt 00:00:30]}
d5 {[%clk 00:14:59]} {[%emt 00:00:48]} 6. e3 {[%clk 00:14:29]} {[%emt
00:00:06]} Ne4 {[%clk 00:14:10]} {[%emt 00:00:59]} 7. Qc2 {[%clk 00:13:53]}
{[%emt 00:00:45]} Nd7 {[%clk 00:13:51]} {[%emt 00:00:29]} 8. Bd3 {[%clk
00:13:44]} {[%emt 00:00:20]} Bxc3+ {[%clk 00:13:32]} {[%emt 00:00:29]} 9. bxc3
{[%clk 00:13:40]} {[%emt 00:00:13]} Ndf6 {[%clk 00:13:37]} {[%emt 00:00:06]} 10.
Bg5 {[%clk 00:13:07]} {[%emt 00:00:43]} Nxg5 {[%clk 00:13:34]} {[%emt
00:00:12]} 11. Nxg5 {[%clk 00:13:14]} {[%emt 00:00:03]} h6 {[%clk 00:13:34]}
{[%emt 00:00:11]} 12. Nh7 {[%clk 00:11:47]} {[%emt 00:01:37]} Nxh7 {[%clk
00:13:23]} {[%emt 00:00:21]} 13. Bxh7+ {[%clk 00:11:54]} {[%emt 00:00:02]} Kh8
{[%clk 00:13:31]} {[%emt 00:00:02]} 14. Bd3 {[%clk 00:12:01]} {[%emt 00:00:03]}
Qg5 {[%clk 00:13:27]} {[%emt 00:00:15]} 15. O-O {[%clk 00:10:48]} {[%emt
00:01:23]} b6 {[%clk 00:13:35]} {[%emt 00:00:02]} 16. cxd5 {[%clk 00:10:32]}
{[%emt 00:00:26]} exd5 {[%clk 00:13:18]} {[%emt 00:00:26]} 17. c4 {[%clk
00:09:47]} {[%emt 00:00:56]} Bb7 {[%clk 00:11:02]} {[%emt 00:02:26]} 18. c5
{[%clk 00:09:25]} {[%emt 00:00:32]} 1/2-1/2

[Event "British Rapidplay Championship 2023"]
[Site "Mercure Bradford, Bankfield Hotel"]
[Date "2023.04.15"]
[Round "1.29"]
[White "Cuaresma, Gerald"]
[Black "Galloway, Peter"]
[Result "1-0"]
[TimeControl "All moves in 15 minutes plus 10 second increment per move from move 1"]
[WhiteElo "1904"]
[BlackElo "1324"]

1. d4 {[%clk 00:15:19]} d5 {[%clk 00:15:15]} {[%emt 00:00:06]} 2. Bg5 {[%clk
00:15:27]} {[%emt 00:00:02]} Nf6 {[%clk 00:14:03]} {[%emt 00:01:22]} 3. Bxf6
{[%clk 00:15:35]} {[%emt 00:00:02]} exf6 {[%clk 00:14:06]} {[%emt 00:00:07]} 4.
e3 {[%clk 00:15:51]} {[%emt 00:00:04]} Be7 {[%clk 00:13:27]} {[%emt 00:00:59]}
5. g3 {[%clk 00:15:59]} {[%emt 00:00:02]} O-O {[%clk 00:13:20]} {[%emt
00:00:17]} 6. Bg2 {[%clk 00:16:08]} {[%emt 00:00:01]} c6 {[%clk 00:12:33]}
{[%emt 00:00:57]} 7. Ne2 {[%clk 00:16:16]} {[%emt 00:00:02]} Nd7 {[%clk
00:11:45]} {[%emt 00:00:59]} 8. O-O {[%clk 00:16:22]} {[%emt 00:00:03]} Re8
{[%clk 00:11:23]} {[%emt 00:00:32]} 9. b3 {[%clk 00:16:31]} {[%emt 00:00:01]}
b5 {[%clk 00:11:18]} {[%emt 00:00:15]} 10. c4 {[%clk 00:16:09]} {[%emt
00:00:32]} Nb6 {[%clk 00:10:55]} {[%emt 00:00:33]} 11. Nd2 {[%clk 00:15:42]}
{[%emt 00:00:37]} Bb7 {[%clk 00:10:52]} {[%emt 00:00:13]} 12. c5 {[%clk
00:15:42]} {[%emt 00:00:10]} Nd7 {[%clk 00:10:57]} {[%emt 00:00:05]} 13. a4
{[%clk 00:15:32]} {[%emt 00:00:19]} a6 {[%clk 00:11:05]} {[%emt 00:00:03]} 14.
a5 {[%clk 00:15:32]} {[%emt 00:00:10]} Nf8 {[%clk 00:11:07]} {[%emt 00:00:08]}
15. Nf4 {[%clk 00:15:34]} {[%emt 00:00:08]} Ng6 {[%clk 00:11:13]} {[%emt
00:00:04]} 16. Nd3 {[%clk 00:15:41]} {[%emt 00:00:03]} Qc7 {[%clk 00:10:40]}
{[%emt 00:00:43]} 17. Nb4 {[%clk 00:15:49]} {[%emt 00:00:02]} f5 {[%clk
00:10:31]} {[%emt 00:00:19]} 18. Qh5 {[%clk 00:15:55]} {[%emt 00:00:04]} Bc8
{[%clk 00:10:17]} {[%emt 00:00:24]} 19. Nf3 {[%clk 00:15:35]} {[%emt 00:00:30]}
Bf6 {[%clk 00:08:55]} {[%emt 00:01:32]} 20. Ne1 {[%clk 00:15:36]} {[%emt
00:00:09]} Nf8 {[%clk 00:08:46]} {[%emt 00:00:19]} 21. Ned3 {[%clk 00:15:41]}
{[%emt 00:00:04]} g6 {[%clk 00:08:46]} {[%emt 00:00:11]} 22. Qf3 {[%clk
00:15:49]} {[%emt 00:00:01]} Bd7 {[%clk 00:08:11]} {[%emt 00:00:45]} 23. h4
{[%clk 00:15:53]} {[%emt 00:00:06]} h5 {[%clk 00:08:10]} {[%emt 00:00:12]} 24.
Nf4 {[%clk 00:15:45]} {[%emt 00:00:18]} Ne6 {[%clk 00:07:38]} {[%emt 00:00:43]}
25. Nbxd5 {[%clk 00:14:43]} {[%emt 00:01:11]} cxd5 {[%clk 00:07:20]} {[%emt
00:00:27]} 26. Nxd5 {[%clk 00:14:52]} {[%emt 00:00:02]} Nxd4 {[%clk 00:05:55]}
{[%emt 00:01:35]} 27. Nxf6+ {[%clk 00:14:43]} {[%emt 00:00:18]} Kf8 {[%clk
00:05:48]} {[%emt 00:00:17]} 28. exd4 {[%clk 00:14:50]} {[%emt 00:00:02]} Red8
{[%clk 00:05:21]} {[%emt 00:00:39]} 29. b4 {[%clk 00:13:37]} {[%emt 00:01:23]}
Be6 {[%clk 00:05:06]} {[%emt 00:00:24]} 30. d5 {[%clk 00:13:45]} {[%emt
00:00:02]} Qe5 {[%clk 00:04:45]} {[%emt 00:00:31]} 31. dxe6 {[%clk 00:12:52]}
{[%emt 00:01:03]} Qxf6 {[%clk 00:04:49]} {[%emt 00:00:06]} 32. exf7 {[%clk
00:12:29]} {[%emt 00:00:34]} Qxf7 {[%clk 00:04:48]} {[%emt 00:00:11]} 33. Qxa8
{[%clk 00:12:36]} {[%emt 00:00:03]} Rxa8 {[%clk 00:04:56]} {[%emt 00:00:01]} 34.
Bxa8 {[%clk 00:12:45]} {[%emt 00:00:01]} Qe8 {[%clk 00:04:54]} {[%emt
00:00:12]} 35. c6 {[%clk 00:12:33]} {[%emt 00:00:23]} Qxa8 {[%clk 00:04:53]}
{[%emt 00:00:10]} 36. c7 {[%clk 00:12:42]} {[%emt 00:00:01]} Qc8 {[%clk
00:05:02]} 37. Rac1 {[%clk 00:12:51]} Ke7 {[%clk 00:05:09]} {[%emt 00:00:03]}
38. Rfd1 {[%clk 00:12:59]} {[%emt 00:00:02]} Ke6 {[%clk 00:05:07]} {[%emt
00:00:13]} 39. Rd8 {[%clk 00:13:02]} {[%emt 00:00:06]} 1-0